Guess the Lyrics - 'Your Song' - Elton John - Statistics

General Stats
  • This quiz has been taken 24 times
  • The average score is 34 of 44
Answer Stats
Answer % Correct
But then again, {no}
100%
How wonderful {life} is
96%
I'd buy a big {house} where we both could live
96%
I know it's not much, but it's the {best} I can do
96%
That I put down in {words}
96%
And you can tell {everybody}
91%
How {wonderful} life is
91%
I hope you don't {mind}, I hope you don't mind
91%
It may be quite {simple}, but
91%
It's a little bit {funny}
91%
My gift is my {song} and this one's for you
91%
{Now} that it's done
91%
{That} I put down in words
91%
And you can {tell} everybody
87%
{How} wonderful life is
87%
I {hope} you don't mind, I hope you don't mind
87%
I hope you {don't} mind, I hope you don't mind
87%
That I {put} down in words
87%
This feelin' {inside}
87%
This is {your} song
87%
While you're in the {world}
87%
While you're in {the} world
87%
Now that it's {done}
83%
This {is} the song
83%
{While} you're in the world
83%
I'm not one of those who can {easily} hide
78%
It {may} be quite simple, but
78%
I don't have much money, but {boy}, if I did
74%
It's for {people} like you that keep it turned on
74%
{What} I really mean
74%
But these {things} I do
70%
If they're {green} or they're blue
70%
Or a man who makes {potions} in a travellin' show, oh
65%
While I {wrote} this song
65%
You see, I've {forgotten}
61%
Yours are the {sweetest} eyes I've ever seen
57%
If I was a {sculptor}, heh
52%
So {excuse} me forgettin'
48%
{Anyway}, the thing is
43%
I sat on the {roof}
43%
And kicked off the {moss}
39%
But the sun's been {quite} kind
39%
Well, a few of the {verses}
39%
Well, they've got me quite {cross}
39%
No matching quizzes found
Score Distribution
Percent of People with Each Score
Percentile by Number Answered
Your Score History
You have not taken this quiz